Mass media laws and regulations (Record no. 93648)
[ view plain ]
| 000 -LEADER | |
|---|---|
| fixed length control field | 00658nam a2200265Ia 4500 |
| 003 - CONTROL NUMBER IDENTIFIER | |
| control field | OSt |
| 005 - DATE AND TIME OF LATEST TRANSACTION | |
| control field | 20250718105324.0 |
| 008 - FIXED-LENGTH DATA ELEMENTS--GENERAL INFORMATION | |
| fixed length control field | 210210b2019 xxu||||| |||| 00| 0 eng d |
| 020 ## - INTERNATIONAL STANDARD BOOK NUMBER | |
| International Standard Book Number | 9788183184779 |
| 040 ## - CATALOGING SOURCE | |
| Transcribing agency | AL |
| 041 ## - LANGUAGE CODE | |
| Language code of text/sound track or separate title | eng |
| 082 ## - DEWEY DECIMAL CLASSIFICATION NUMBER | |
| Classification number | 343.0998 RAYM |
| 100 ## - MAIN ENTRY--PERSONAL NAME | |
| Personal name | Rayudu C S |
| 9 (RLIN) | 135417 |
| 245 ## - TITLE STATEMENT | |
| Title | Mass media laws and regulations |
| 260 ## - PUBLICATION, DISTRIBUTION, ETC. | |
| Place of publication, distribution, etc. | Mumbai |
| Name of publisher, distributor, etc. | Himalaya Publishing House |
| Date of publication, distribution, etc. | 2019 |
| 300 ## - PHYSICAL DESCRIPTION | |
| Extent | 293p |
| 650 ## - SUBJECT ADDED ENTRY--TOPICAL TERM | |
| Topical term or geographic name entry element | regulations |
| 9 (RLIN) | 135418 |
| 650 ## - SUBJECT ADDED ENTRY--TOPICAL TERM | |
| Topical term or geographic name entry element | media |
| 9 (RLIN) | 135419 |
| 650 ## - SUBJECT ADDED ENTRY--TOPICAL TERM | |
| Topical term or geographic name entry element | Mass |
| 9 (RLIN) | 135420 |
| 650 ## - SUBJECT ADDED ENTRY--TOPICAL TERM | |
| Topical term or geographic name entry element | laws |
| 9 (RLIN) | 135421 |
| 690 ## - LOCAL SUBJECT ADDED ENTRY--TOPICAL TERM (OCLC, RLIN) | |
| Topical term or geographic name as entry element | Public Law |
| 9 (RLIN) | 135422 |
| 700 ## - ADDED ENTRY--PERSONAL NAME | |
| Personal name | Nageswar S B Rao |
| 9 (RLIN) | 135423 |
| 906 ## - LOCAL DATA ELEMENT F, LDF (RLIN) | |
| a | 073251 |
| 942 ## - ADDED ENTRY ELEMENTS (KOHA) | |
| Source of classification or shelving scheme | Dewey Decimal Classification |
| Koha item type | Book |
| Withdrawn status | Lost status | Source of classification or shelving scheme | Damaged status | Not for loan | Collection code | Home library | Current library | Date acquired | Source of acquisition | Cost, normal purchase price | Total Checkouts | Full call number | Barcode | Date last seen | Price effective from | Koha item type | Date last checked out | Shelving location |
|---|---|---|---|---|---|---|---|---|---|---|---|---|---|---|---|---|---|---|
| Dewey Decimal Classification | Journalism | St Aloysius Library | St Aloysius Library | 02/17/2021 | Biblios Book Point, Surathkal-575014 | 298.00 | 343.0998 RAYM | 073255 | 02/17/2021 | 02/17/2021 | Book | |||||||
| Dewey Decimal Classification | Journalism | St Aloysius Library | St Aloysius Library | 02/17/2021 | Biblios Book Point, Surathkal-575014 | 298.00 | 1 | 343.0998 RAYM | 073254 | 09/27/2024 | 02/17/2021 | Book | 09/19/2024 | |||||
| Dewey Decimal Classification | Journalism | St Aloysius Library | St Aloysius Library | 02/17/2021 | Biblios Book Point, Surathkal-575014 | 298.00 | 1 | 343.0998 RAYM | 073253 | 07/16/2022 | 02/17/2021 | Book | 04/07/2022 | |||||
| Dewey Decimal Classification | Journalism | St Aloysius Library | St Aloysius Library | 02/17/2021 | Biblios Book Point, Surathkal-575014 | 298.00 | 343.0998 RAYM | 073252 | 02/17/2021 | 02/17/2021 | Book | |||||||
| Dewey Decimal Classification | Journalism | St Aloysius Library | St Aloysius Library | 02/17/2021 | Biblios Book Point, Surathkal-575014 | 298.00 | 343.0998 RAYM | 073251 | 02/17/2021 | 02/17/2021 | Book | |||||||
| Dewey Decimal Classification | Journalism | St Aloysius Library | St Aloysius Library | 02/17/2021 | 250.00 | 343.0998 RAYM | 050964 | 02/17/2021 | 02/17/2021 | Book | ||||||||
| Dewey Decimal Classification | Journalism | St Aloysius Library | St Aloysius Library | 02/17/2021 | Higginbothams (P) Ltd., Mangalore-01. | 98.00 | 343.0998 RAYM | 057633 | 02/17/2021 | 02/17/2021 | Book | |||||||
| Dewey Decimal Classification | Reference Book | Journalism | St Aloysius Library | St Aloysius Library | 02/17/2021 | Sapna Book House Pvt Ltd, K S Rao Road, Mangalore-575001 | 298.00 | 343.0998 RAYM | 074288 | 02/17/2021 | 02/17/2021 | Reference | Reference Section |